000 01378nam a2200241Ia 4500
999 _c56008
_d56008
001 23108
003 GE_BSU
005 20230712103320.0
008 181216s1971||||ge |||||||||||||| ||geo||
040 _cGE_BSU
041 _ageo
080 _a821.113.3-1 უ-84
245 _aუფროსი ედა :
_bძველი ისლანდიური სიმღერები ღმერთებსა და გმირებზე /
_cგერმ. თარგმნა და კომენტარები დაურთო გ. კალანდაძემ ; რედაქცია და შესავალი წერილი დ. ლაშქარაძისა ; რედ. ე. ბეწუკელი.
264 _aთბილისი :
_bსაბჭ. საქართველო,
_c1971.
300 _a319 გვ. ;
_c22 სმ.
541 _h4ლ. 58თ.
653 _aუფროსი ედა
653 _aძველი ისლანდიური სიმღერები ღმერთებსა და გმირებზე
700 _aკალანდაძე, გ.
_eმთარგმნელი
_919258
700 _aლაშქარაძე, დ.
_eრედაქტორი
_914588
700 _aბეწუკელი, ე.
_eრედაქტორი
_919259
942 _cBK
_2udc